000
00307nam a22001337a 4500
082
_a
331.2GAL
100
_a
GALENSON, WALTER
245
_a
ESSAYS ON EMPLOYMENT
260
_a
GENEVA
_b
ILO
_c
1971
300
_a
V,191P
_b
ILL,:25CM
650
_a
ESSAYS ON EMPLOYMENT
700
_a
GALENSON, WALTER
942
_c
BK
999
_c
15053
_d
15053